000 00491nam a2200181Ia 4500
001 9376
005 20260306161714.0
008 260306t2007||||xx |||||||||||||| ||spa||
041 _aESP
082 _a378.17
_bE97
100 _aExley, Kate [1964-...]
_eAUT
245 0 _aEnseñanza en pequeños grupos en educación superior:
_btutorías, seminarios y otros agrupamientos
260 _c2007
300 _a206 páginas :
_c
650 _aGEN
654 _aCED
942 _cLIB
_dJUS
_fJUS
_2ddc
_n
999 _c9376
_d9376